Normal view
MARC view
- Roadside improvement.
Entry Topical Term
001 - CONTROL NUMBER
- control field: 21192
003 - CONTROL NUMBER IDENTIFIER
- control field: NUST
005 - DATE AND TIME OF LATEST TRANSACTION
- control field: 20190924123144.0
008 - FIXED-LENGTH DATA ELEMENTS
- fixed length control field: 190924|| aca||aabn | a|a d
040 ## - CATALOGING SOURCE
- Original cataloging agency: NUST
- Transcribing agency: NUST
150 ## - HEADING--TOPICAL TERM
- Topical term or geographic name entry element: Roadside improvement.
670 ## - SOURCE DATA FOUND
- Source citation: Work cat.: (NUST)0: National Research Council (U.S.). Highway Research Board. 20721, Erosion control on highway construction., 1973.
